000 00885cam a2200265 i 4500
001 3167876
003 OSt
005 20160822142531.0
008 760408s1975 enka b 001 0 eng
010 _a 75330416
015 _aGB***
020 _a0632004312
040 _aDLC
_cDLC
_dICU
_dDLC
082 _aWH 420
_bR115b 1975
100 1 _aRace, R. R.
_910827
245 1 0 _aBlood groups in man /
_cR. R. Race and Ruth Sanger ; with a foreword by Sir Ronald Fisher.
250 _a6th ed.
260 _aOxford :
_bBlackwell Scientific Publications ;
_aPhiladelphia :
_bdistributed by J. B. Lippincott,
_c1975.
300 _axix, 659 p. :
_bill. ;
_c24 cm.
504 _aIncludes bibliographical references and index.
650 0 _aBlood groups.
_910825
700 1 _aSanger, Ruth,
_ejoint author.
_910828
906 _a7
_bcbc
_corignew
_d4
_encip
_f19
_gy-gencatlg
942 _2z
_cO_SHELF
999 _c5049
_d5049